000 00334nam a2200145Ia 4500
008 090122s9999 xx 000 0 und d
082 _b4355
_aW:6:(E)
100 _aMadani
_bMinoo
245 _aIs JP the Answer
600 _aMadani
630 _aIs JP the Answer
700 _aMadani
730 _aIs JP the Answer
942 _cBOOK
999 _c28433
_d28433